000 00499nam a2200181Ia 4500
003 GCL
008 140319s9999 xx 000 0 eng d
040 _aGCL /
_cGCL
082 0 4 _a635.954
_bT T
100 1 _aTENEBAUM, FRANCES
245 1 0 _aTAYLOR'S GUIDE TO SHADE GARDENING /
_cTENEBAUM, FRANCES
260 _a[S.N] :
_bHOUGHTON MIFFLIN COMPANY ،
_c1994
300 _a501 P
650 0 4 _aSHADE - TOLERANT PLANTS
650 0 4 _aGARDENING
650 0 4 _aGARDENING IN THE SHADE
942 _2ddc
_cBK
999 _c13681
_d13681